00774nam a2200181 a 450000100100000000500170001000800410002704000250006824501490009326000860024230000210032850000750034950000210042450000730044570000190051870000220053770000330055900003470720200930073843.0111019s1960 mx 000 0 spa d aDO-SdBNPbspacBNPHU00aPsicología /credaccion A.A. Smirnov... [et al.] ;autores S.L. Rubinstein... [et al.] ; traduccion directa del ruso por Florencio Villa Landa. aMéxico :bInstituto de Investigación CientíficabEditorial Grijalbo,c1960. a571 p. ;c22 cm. apublicado por Academia de Ciencias Pedagogicas de la R.S.S.F. de Rusia aIncluye índice aIncluye referencias bibliográficas y notas al pie de las páginas12aSmirnov, A. A.12aRubinstein, S. L.1 aVilla Landa, Florentinoetr.